| 000 | 00845nam a22001931 4500 | ||
|---|---|---|---|
| 001 | 114560 | ||
| 003 | ES-MaACL | ||
| 005 | 20230906190204.0 | ||
| 007 | t| | ||
| 008 | 070309q19201929sp ||||0| spa d | ||
| 016 | 7 | _zIND9600735850 | |
| 040 |
_aM-BN _bspa _cCDM |
||
| 100 | 1 |
_aQuiroga, Horacio. _994770 |
|
| 245 | 1 | 3 |
_aLa gallina degollada y otros cuentos / _cHoracio Quiroga. |
| 260 |
_aMadrid : _bCalpe, _c[192-?] |
||
| 300 |
_a237 p. ; _c19 cm. |
||
| 505 | 8 | _aI. La gallina degollada II. Los buques suicidantes III. El perro rabioso IV. A la deriva V. La insolación VI. El alambre de púa VII. Los mensu VIII. "Yaguai" IX. Los pescadores de vigas X. Anaconda XI. El simim XII. Gloria tropical XIII. Dieta de amor XIV. Polea loca XV. Cuento para novios XVI. La reina italiana XVII. Tres cartas... y un pie | |
| 852 |
_aES-MaACL _jA-3927 |
||
| 999 |
_c114560 _d114560 |
||